|
|
|
|
| LEADER |
01150nam a2200265 a 4500 |
| 001 |
15171415 |
| 008 |
110503s2010 nyu b 001 0 eng d |
| 010 |
|
|
|a 2008005230
|
| 020 |
|
|
|a 9788130912950
|
| 020 |
|
|
|a 9780791095959 (acid-free paper)
|
| 040 |
|
|
|a DLC
|c DLC
|d DLC
|d BD-DhAAL.
|
| 082 |
0 |
0 |
|a 822.3/3
|2 22
|
| 245 |
0 |
2 |
|a A midsummer night's dream /
|c edited and with an introduction by Harold Bloom ; volume editor, Janyce Marson.
|
| 260 |
|
|
|a New York :
|b Facts on file, Inc. ;
|a New Delhi :
|b Viva books,
|c 2010
|
| 300 |
|
|
|a xii, 260 p. ;
|c 25 cm.
|
| 490 |
0 |
|
|a Harold Bloom's Shakespeare through the ages
|
| 500 |
|
|
|a Set of 15 volumes.
|
| 504 |
|
|
|a Includes bibliographical references (p. 245-247) and index.
|
| 541 |
|
|
|e 00022426
|
| 600 |
1 |
0 |
|a Shakespeare, William
|d 1564-1616
|t Midsummer night's dream.
|
| 700 |
1 |
|
|a Bloom, Harold.
|
| 700 |
1 |
|
|a Marson, Janyce.
|
| 852 |
4 |
|
|a Ayesha Abed Library
|j General shelf
|
| 999 |
|
|
|c 10792
|d 10792
|
| 952 |
|
|
|0 0
|1 0
|2 ddc
|4 0
|6 822_330000000000000_MID
|7 0
|9 16258
|a BRACUL
|b BRACUL
|c GEN
|d 2011-05-03
|e Friends book corner
|g 666.00
|l 14
|m 67
|o 822.33 MID
|p 3010022426
|q 2026-06-02
|r 2025-12-02
|s 2025-12-02
|t 1
|w 2011-05-03
|y BK
|